00610nam a2200181Ia 4500952014900000999001500149003000400164005001700168008004100185040000900226082001900235100002200254245004700276260004100323300000900364650001100373942004400384 00102ddc40708BOTANYaMESbMEScBOTANYd2019-02-20g40.00l1m1o631.522 ALL/Pp4440r2022-06-27 00:00:00s2022-06-07w2019-02-20yBKzGL19R5 c1152d1152OSt20200930122114.0190216s9999||||xx |||||||||||||| ||und|| coclc a631.522bALL/P aAllard, R W95202 0aPrinciples Of Plant Breeding /cR W Allard bJohn Wiley & Sons,c1983.aNew York: a485p aBotany cBK2ddch631.522iALL/Pk631.522mALL/P